[Event "Benidorm 2013 - Torneo sub2300"]
[Site "Benidorm ESP"]
[Date "2013.12.04"]
[Round "7.4"]
[White "Gete Rodriguez, Isidro"]
[Black "Arias Igual, Alejandro"]
[Result "0-1"]
[WhiteElo "2102"]
[BlackElo "2178"]
[PlyCount "50"]
[EventDate "2013.11.29"]
[EventType "swiss"]
[EventRounds "10"]
[EventCountry "ESP"]
[Source "lmi"]
[SourceDate "2013.11.29"]

1. d4 d5 2. c4 e6 3. Nc3 c5 4. cxd5 exd5 5. Nf3 Nc6 6. g3 Nf6 7. Bg2 Be7 8. O-O
O-O 9. dxc5 Bxc5 10. Na4 Be7 11. b3 Bg4 12. Bb2 Qd7 13. Rc1 Rfe8 14. Nc5 Bxc5
15. Rxc5 Qe7 16. Rc2 Nb4 17. Ba3 Bf5 18. Rc1 a5 19. Nd4 Be4 20. Bh3 h5 21. Qd2
h4 22. Nb5 hxg3 23. hxg3 Qe5 24. Nc7 Qh5 25. Bg2 Ng4 0-1

[Event "Benidorm 2013 - Torneo sub2300"]
[Site "Benidorm ESP"]
[Date "2013.12.04"]
[Round "7.5"]
[White "Quintin Navarro, Alberto"]
[Black "Rodriguez Melendez, Juan Humbe"]
[Result "0-1"]
[WhiteElo "2288"]
[BlackElo "2060"]
[PlyCount "64"]
[EventDate "2013.11.29"]
[EventType "swiss"]
[EventRounds "10"]
[EventCountry "ESP"]
[Source "lmi"]
[SourceDate "2013.11.29"]

1. d4 Nf6 2. c4 g6 3. f3 Bg7 4. e4 d6 5. Be3 O-O 6. Ne2 c5 7. d5 a6 8. Nec3 e6
9. a4 Re8 10. Qd2 h5 11. Be2 exd5 12. cxd5 Nbd7 13. Na3 Ne5 14. O-O Rb8 15. h3
Qc7 16. f4 Ned7 17. Bf3 b6 18. Kh1 Bb7 19. Nc4 Rbd8 20. Rae1 Qb8 21. g4 hxg4
22. hxg4 b5 23. axb5 axb5 24. Nxb5 Nxe4 25. Bxe4 Rxe4 26. Ncxd6 Rb4 27. Rd1 Ba6
28. f5 Bxb5 29. fxg6 Qxd6 30. gxf7+ Kf8 31. Bf4 Ne5 32. Rf2 Rd4 0-1

[Event "Benidorm 2013 - Torneo sub2300"]
[Site "Benidorm ESP"]
[Date "2013.12.04"]
[Round "7.6"]
[White "Santagati, Alessandro"]
[Black "Olhovik, Andrei"]
[Result "0-1"]
[WhiteElo "2216"]
[BlackElo "2252"]
[PlyCount "78"]
[EventDate "2013.11.29"]
[EventType "swiss"]
[EventRounds "10"]
[EventCountry "ESP"]
[Source "lmi"]
[SourceDate "2013.11.29"]

1. e4 c5 2. c3 Nf6 3. e5 Nd5 4. d4 cxd4 5. Nf3 d6 6. cxd4 e6 7. Nc3 Nxc3 8.
bxc3 Nc6 9. exd6 Bxd6 10. Bd3 Bd7 11. O-O Be7 12. Bf4 O-O 13. Rb1 b6 14. Qc2 g6
15. h4 Bxh4 16. g3 Bf6 17. Kg2 Re8 18. Qe2 Bc8 19. Be4 Bb7 20. Ne5 Qc8 21. Ng4
Bg7 22. Nh6+ Bxh6 23. Bxh6 Ne7 24. f3 Ba6 25. Bd3 Bxd3 26. Qxd3 Qc6 27. g4 Rac8
28. Rbc1 f6 29. Rh1 Qc4 30. Qd2 Nd5 31. Bg7 Re7 32. Bh6 g5 33. Bxg5 fxg5 34.
Qxg5+ Rg7 35. Qe5 Ne7 36. Rh6 Ng6 37. Qe3 Rf8 38. Rc2 Rgf7 39. Qe4 Qd5 0-1

[Event "Benidorm 2013 - Torneo sub2300"]
[Site "Benidorm ESP"]
[Date "2013.12.04"]
[Round "7.7"]
[White "Gromovs, Sergejs"]
[Black "Goormachtigh, Johan"]
[Result "1-0"]
[WhiteElo "2148"]
[BlackElo "2177"]
[PlyCount "185"]
[EventDate "2013.11.29"]
[EventType "swiss"]
[EventRounds "10"]
[EventCountry "ESP"]
[Source "lmi"]
[SourceDate "2013.11.29"]

1. d4 Nf6 2. c4 g6 3. Nc3 d5 4. h4 c6 5. e3 Bg7 6. Be2 h5 7. Nf3 O-O 8. Ng5
Nbd7 9. cxd5 cxd5 10. Qb3 e6 11. Bd2 Nb8 12. O-O-O Nc6 13. Kb1 b6 14. f3 Bb7
15. g4 Rc8 16. gxh5 Nxh5 17. f4 Ng3 18. h5 Na5 19. Qb5 Nxh1 20. Rxh1 Nc4 21.
Bc1 gxh5 22. Qa4 Nd6 23. Qc2 Ne4 24. Rxh5 Re8 25. Bb5 Bc6 26. Bd3 f5 27. Qh2
Re7 28. Rh7 Nxg5 29. fxg5 Be8 30. Rh3 Qc7 31. Qg2 b5 32. Rh1 Bf8 33. g6 Rg7 34.
Nxd5 Rxg6 35. Qxg6+ Bxg6 36. Nxc7 Rxc7 37. Bd2 a6 38. a3 Bd6 39. Ka2 Bf7 40. b3
Be8 41. Kb2 Bc6 42. Rh6 Kf7 43. Bxf5 exf5 44. Rxd6 Be4 45. Bc3 Rc6 46. Rd7+ Ke6
47. Rd8 Ke7 48. Rh8 Rg6 49. Bb4+ Kd7 50. Rh7+ Kc8 51. Bd2 Rc6 52. Bc3 Rg6 53.
Ba5 Rc6 54. Rh2 Kd7 55. Bb4 Rg6 56. Rh7+ Kc8 57. Bf8 Rg2+ 58. Kc3 a5 59. d5
Bxd5 60. Ra7 a4 61. bxa4 bxa4 62. Rxa4 Be4 63. Kd4 Kb7 64. Ke5 Rg6 65. Bc5 Ra6
66. Rc4 Ra5 67. Kd4 Ka6 68. Rc1 Rb5 69. Rg1 Kb7 70. Rg7+ Kc6 71. Rg6+ Kb7 72.
Kc4 Rb1 73. Bb4 Rc1+ 74. Bc3 Rc2 75. a4 Rg2 76. Rf6 Rg7 77. Bd4 Rc7+ 78. Kb5
Bd3+ 79. Kb4 Rc4+ 80. Ka5 Bc2 81. Kb5 Bd3 82. Rb6+ Kc8 83. Bc5 Re4+ 84. Ka5 Kc7
85. Rf6 Re5 86. Kb4 Rd5 87. a5 Be2 88. a6 Rd2 89. Bb6+ Kd7 90. a7 Ra2 91. Rxf5
Kc6 92. Bd4 Bd3 93. Rf8 1-0

[Event "Benidorm 2013 - Torneo sub2300"]
[Site "Benidorm ESP"]
[Date "2013.12.04"]
[Round "7.8"]
[White "Remolar Gallen, Jose"]
[Black "Rodriguez Fontecha, Marcos"]
[Result "0-1"]
[WhiteElo "2213"]
[BlackElo "2300"]
[PlyCount "156"]
[EventDate "2013.11.29"]
[EventType "swiss"]
[EventRounds "10"]
[EventCountry "ESP"]
[Source "lmi"]
[SourceDate "2013.11.29"]

1. e4 c6 2. d4 d5 3. exd5 cxd5 4. c4 Nf6 5. Nc3 Nc6 6. Bg5 Be6 7. Nge2 dxc4 8.
Nf4 Nxd4 9. Nxe6 Nxe6 10. Be3 Qxd1+ 11. Rxd1 Rc8 12. b3 Nd8 13. Bxc4 e6 14. O-O
Nc6 15. Na4 Be7 16. Bb5 O-O 17. Rc1 Ba3 18. Rc4 a6 19. Bxc6 Rxc6 20. Rxc6 bxc6
21. Bc1 Be7 22. Be3 Nd5 23. Bc5 Rd8 24. g3 Kf8 25. Rd1 Bxc5 26. Nxc5 Ke7 27.
Rd4 Nc3 28. Rxd8 Kxd8 29. a4 a5 30. Nb7+ Kc7 31. Nxa5 Kb6 32. Nc4+ Kc5 33. a5
Kb5 34. Ne5 f6 35. Nd3 Ne2+ 36. Kf1 Nd4 37. b4 e5 38. Nc5 e4 39. Ke1 f5 40. a6
Kb6 41. Kd2 Nf3+ 42. Ke3 Nxh2 43. Ne6 g6 44. Nd4 Ng4+ 45. Ke2 Ne5 46. b5 cxb5
47. Nxb5 Kxa6 48. Nc7+ Kb7 49. Ne6 Kc6 50. Nf8 h6 51. Ne6 Kd6 52. Nd4 Kd5 53.
Nc2 g5 54. Ne3+ Ke6 55. Ng2 Nc6 56. Ke3 Ke5 57. f3 Nb4 58. f4+ Kd5 59. Ke2 Nd3
60. Ne3+ Ke6 61. Ng2 gxf4 62. gxf4 Nb4 63. Kf2 Nd5 64. Kg3 Kf6 65. Nh4 Ne3 66.
Kf2 Nd1+ 67. Ke2 Nc3+ 68. Kf2 Ke6 69. Ng2 Nd5 70. Kg3 Kd6 71. Nh4 Ne7 72. Ng2
Kd5 73. Kh4 Kd4 74. Kh5 e3 75. Kxh6 Ke4 76. Kg5 Nd5 77. Nh4 e2 78. Ng2 Nxf4 0-1

[Event "Benidorm 2013 - Torneo sub2300"]
[Site "Benidorm ESP"]
[Date "2013.12.04"]
[Round "7.9"]
[White "Carrascoso Morales, Abel"]
[Black "Bendayan Claros, Aaron"]
[Result "1-0"]
[WhiteElo "2300"]
[BlackElo "2193"]
[PlyCount "75"]
[EventDate "2013.11.29"]
[EventType "swiss"]
[EventRounds "10"]
[EventCountry "ESP"]
[Source "lmi"]
[SourceDate "2013.11.29"]

1. d4 d5 2. c4 c6 3. Nf3 Nf6 4. e3 a6 5. Nbd2 Bf5 6. Be2 e6 7. Nh4 Bg6 8. Nxg6
hxg6 9. Qb3 b5 10. c5 Nbd7 11. a4 Be7 12. axb5 axb5 13. Rxa8 Qxa8 14. O-O e5
15. dxe5 Nxe5 16. Qc3 Qb8 17. f4 Ned7 18. b4 O-O 19. Bb2 Re8 20. g4 Bf8 21. g5
Ne4 22. Nxe4 Rxe4 23. Bf3 Rc4 24. Qd2 Qe8 25. Bd4 Qe6 26. Be2 f6 27. Bxc4 bxc4
28. Qg2 Qf5 29. h4 Be7 30. Ra1 Nf8 31. Ra7 Kf7 32. Kh2 Ne6 33. Qf2 Kf8 34. gxf6
gxf6 35. b5 cxb5 36. c6 Nxd4 37. Ra8+ Kf7 38. c7 1-0

[Event "Benidorm 2013 - Torneo sub2300"]
[Site "Benidorm ESP"]
[Date "2013.12.04"]
[Round "7.10"]
[White "Lopez Del Alamo, Antonio"]
[Black "Gomez Dieguez, David"]
[Result "1/2-1/2"]
[WhiteElo "2281"]
[BlackElo "2164"]
[PlyCount "76"]
[EventDate "2013.11.29"]
[EventType "swiss"]
[EventRounds "10"]
[EventCountry "ESP"]
[Source "lmi"]
[SourceDate "2013.11.29"]

1. e4 e5 2. Nf3 Nc6 3. Bb5 f5 4. d3 fxe4 5. dxe4 Nf6 6. O-O Bc5 7. Qd3 d6 8.
Qc4 Qe7 9. Nc3 a6 10. Bxc6+ bxc6 11. Be3 Be6 12. Qa4 Bxe3 13. Qxc6+ Kf7 14.
fxe3 Qd7 15. Qxd7+ Bxd7 16. Nd2 Rhb8 17. b3 Ke6 18. Nd5 Rb7 19. c4 a5 20. Kf2
Rba7 21. Ke2 c6 22. Nb6 Rb8 23. c5 Be8 24. Nbc4 d5 25. Nb6 Bh5+ 26. Ke1 Rc7 27.
h3 Bg6 28. a3 Bxe4 29. Rf2 Bg6 30. b4 Nd7 31. Nb3 axb4 32. axb4 Nxb6 33. cxb6
Rxb6 34. Rfa2 Rxb4 35. Nc5+ Kf6 36. Ra7 Rc8 37. Rc1 Rc4 38. Nd7+ Ke6 1/2-1/2

[Event "Benidorm 2013 - Torneo sub2300"]
[Site "Benidorm ESP"]
[Date "2013.12.04"]
[Round "7.11"]
[White "Hristodorescu, Daniel"]
[Black "Sos Andreu, Eric"]
[Result "1-0"]
[WhiteElo "2207"]
[BlackElo "2276"]
[PlyCount "51"]
[EventDate "2013.11.29"]
[EventType "swiss"]
[EventRounds "10"]
[EventCountry "ESP"]
[Source "lmi"]
[SourceDate "2013.11.29"]

1. e4 c6 2. d4 d5 3. e5 c5 4. dxc5 Nc6 5. f4 e6 6. Nf3 Bxc5 7. a3 a5 8. Bd3 Nh6
9. Qe2 Nf5 10. Nc3 O-O 11. Bd2 f6 12. O-O-O fxe5 13. fxe5 Bd7 14. Nb5 Be8 15.
g4 Nfe7 16. Ng5 Rf2 17. Bxh7+ Kh8 18. Qd3 Nxe5 19. Qh3 Rf6 20. Bg6+ Kg8 21.
Qh7+ Kf8 22. Qh8+ Ng8 23. Nh7+ Ke7 24. Qxg7+ Bf7 25. Nxf6 Nxf6 26. Bg5 1-0

[Event "Benidorm 2013 - Torneo sub2300"]
[Site "Benidorm ESP"]
[Date "2013.12.04"]
[Round "7.12"]
[White "Nava Pereda, Carlos"]
[Black "Nunez Reiz, Antonio"]
[Result "1-0"]
[WhiteElo "2273"]
[BlackElo "2119"]
[PlyCount "131"]
[EventDate "2013.11.29"]
[EventType "swiss"]
[EventRounds "10"]
[EventCountry "ESP"]
[Source "lmi"]
[SourceDate "2013.11.29"]

1. c4 Nf6 2. Nc3 e6 3. e4 c5 4. e5 Ng8 5. Nf3 d6 6. exd6 Bxd6 7. d4 cxd4 8.
Nxd4 a6 9. Be3 e5 10. Nf3 Nf6 11. c5 Bc7 12. Qxd8+ Kxd8 13. Bc4 Ke7 14. Bg5 Be6
15. Nd5+ Bxd5 16. Bxd5 Nc6 17. O-O-O h6 18. Bh4 g5 19. Bxc6 bxc6 20. Bg3 Nd7
21. Nd4 Nxc5 22. Nxc6+ Ke6 23. Rhe1 f6 24. b4 Na4 25. Kc2 Rhc8 26. Kb3 Nb6 27.
a4 Bd6 28. Nd4+ Kf7 29. Nf5 Bf8 30. f3 Rab8 31. Nd6+ Bxd6 32. Rxd6 Nc4 33. Rd5
Ke6 34. Red1 Ne3 35. Rd6+ Kf5 36. Rg1 a5 37. b5 Rc4 38. Be1 Rc1 39. g4+ Kg6 40.
Bf2 Nc4 41. Rxf6+ Kxf6 42. Rxc1 Nd2+ 43. Kb2 Nxf3 44. Ba7 Rb7 45. b6 e4 46.
Rc6+ Ke7 47. Rc4 Nd2 48. Rd4 e3 49. Kc2 Kf6 50. Kd3 Re7 51. Ke2 Nf3 52. Rd1 Ne5
53. h3 Ng6 54. Rd6+ Kf7 55. Rxg6 Kxg6 56. Bb8 Re4 57. Bd6 Rxa4 58. b7 Ra2+ 59.
Kxe3 Rb2 60. b8=Q Rxb8 61. Bxb8 Kf6 62. Bd6 Ke6 63. Bf8 Kd5 64. Bxh6 a4 65.
Bxg5 Ke6 66. Ke4 1-0

[Event "Benidorm 2013 - Torneo sub2300"]
[Site "Benidorm ESP"]
[Date "2013.12.04"]
[Round "7.14"]
[White "Bosque Ortega, Xavier"]
[Black "Shen, Yue"]
[Result "1-0"]
[WhiteElo "2197"]
[BlackElo "2262"]
[PlyCount "89"]
[EventDate "2013.11.29"]
[EventType "swiss"]
[EventRounds "10"]
[EventCountry "ESP"]
[Source "lmi"]
[SourceDate "2013.11.29"]

1. d4 Nf6 2. Nf3 c5 3. e3 e6 4. Bd3 b6 5. O-O Bb7 6. Nbd2 Be7 7. b3 cxd4 8.
exd4 O-O 9. Bb2 Ba6 10. c4 d5 11. Ne5 dxc4 12. bxc4 Bb7 13. Qe2 Nbd7 14. Rad1
Rc8 15. Rfe1 Rc7 16. Qe3 Re8 17. Qh3 Nf8 18. Ndf3 N6d7 19. d5 exd5 20. Bxh7+
Nxh7 21. Nxf7 Qc8 22. Qe6 Ne5 23. Nh6+ Kh8 24. Qxe5 Nf6 25. Qg5 Rf8 26. Nf5 Bd8
27. N3h4 Rff7 28. Nd6 Qd7 29. Nxf7+ Qxf7 30. Ng6+ Kg8 31. Bxf6 Bxf6 32. Qh5 Qd7
33. Qh8+ Kf7 34. Ne5+ Bxe5 35. Rxe5 Rxc4 36. Qh5+ Kf8 37. Rde1 Bc6 38. Qh8+ Kf7
39. Qh5+ Kf8 40. h3 d4 41. Qh8+ Kf7 42. Qh7 Kf6 43. Qh4+ Kg6 44. Qh5+ Kf6 45.
Qg5+ 1-0

[Event "Benidorm 2013 - Torneo sub2300"]
[Site "Benidorm ESP"]
[Date "2013.12.04"]
[Round "7.15"]
[White "Aymerich Rosell, Pablo"]
[Black "Cano Gimenez, Vicente"]
[Result "1/2-1/2"]
[WhiteElo "2194"]
[BlackElo "2260"]
[PlyCount "48"]
[EventDate "2013.11.29"]
[EventType "swiss"]
[EventRounds "10"]
[EventCountry "ESP"]
[Source "lmi"]
[SourceDate "2013.11.29"]

1. d4 Nf6 2. c4 c5 3. d5 b5 4. Qc2 bxc4 5. e4 d6 6. Bxc4 g6 7. Nf3 Bg7 8. h3
O-O 9. O-O Ba6 10. Na3 Nfd7 11. Rb1 Nb6 12. b3 Nxc4 13. bxc4 Nd7 14. Bb2 Qa5
15. Bxg7 Kxg7 16. Rb3 Rab8 17. Rfb1 Rxb3 18. Rxb3 f6 19. Nb5 Ne5 20. Nd2 Rb8
21. Ra3 Qb6 22. Rb3 Qa5 23. Ra3 Qb6 24. Rb3 Qa5 1/2-1/2

[Event "Benidorm 2013 - Torneo sub2300"]
[Site "Benidorm ESP"]
[Date "2013.12.04"]
[Round "7.16"]
[White "Parligras, Cosmin"]
[Black "Saenz Narciso, Miguel Angel"]
[Result "1/2-1/2"]
[WhiteElo "2257"]
[BlackElo "2191"]
[PlyCount "40"]
[EventDate "2013.11.29"]
[EventType "swiss"]
[EventRounds "10"]
[EventCountry "ESP"]
[Source "lmi"]
[SourceDate "2013.11.29"]

1. Nf3 Nf6 2. c4 c5 3. Nc3 g6 4. g3 Bg7 5. Bg2 O-O 6. O-O Nc6 7. d4 cxd4 8.
Nxd4 Nxd4 9. Qxd4 d6 10. Qd2 a6 11. b3 Rb8 12. Bb2 b5 13. cxb5 axb5 14. Nd5
Nxd5 15. Bxg7 Kxg7 16. Qxd5 b4 17. Rfd1 Qb6 18. Rac1 Qb7 19. Qxb7 Bxb7 20. Bxb7
Rxb7 1/2-1/2

[Event "Benidorm 2013 - Torneo sub2300"]
[Site "Benidorm ESP"]
[Date "2013.12.04"]
[Round "7.17"]
[White "Aracil Serra, Javier"]
[Black "Amdouni, Zoubaier"]
[Result "0-1"]
[WhiteElo "2179"]
[BlackElo "2247"]
[PlyCount "40"]
[EventDate "2013.11.29"]
[EventType "swiss"]
[EventRounds "10"]
[EventCountry "ESP"]
[Source "lmi"]
[SourceDate "2013.11.29"]

1. Nf3 Nf6 2. c4 e6 3. g3 d5 4. Bg2 dxc4 5. Qa4+ c6 6. Qxc4 b5 7. Qc2 Bb7 8. d4
Nbd7 9. O-O c5 10. Rd1 Rc8 11. Bg5 Qb6 12. Nbd2 cxd4 13. Qd3 e5 14. Qf5 e4 15.
Bxf6 Nxf6 16. Nxd4 Rc5 17. Qh3 Rh5 18. Nxe4 Rxh3 19. Nxf6+ Qxf6 20. Bxb7 Bc5
0-1

[Event "Benidorm 2013 - Torneo sub2300"]
[Site "Benidorm ESP"]
[Date "2013.12.04"]
[Round "7.20"]
[White "Aquino, Jose Rodolfo"]
[Black "Mingarro Carceller, Sergi"]
[Result "1-0"]
[WhiteElo "2136"]
[BlackElo "2213"]
[PlyCount "37"]
[EventDate "2013.11.29"]
[EventType "swiss"]
[EventRounds "10"]
[EventCountry "ESP"]
[Source "lmi"]
[SourceDate "2013.11.29"]

1. e4 e6 2. d4 d5 3. Nc3 Bb4 4. e5 c5 5. Qg4 Ne7 6. dxc5 Nbc6 7. Nf3 d4 8. a3
Qa5 9. Rb1 dxc3 10. Be3 Bd7 11. Bd3 Bxc5 12. b4 Bxb4 13. axb4 Qd5 14. O-O h5
15. Qf4 Ng6 16. Bxg6 fxg6 17. Rfd1 Qb5 18. Qg5 Rh6 19. Bc5 1-0

[Event "Benidorm 2013 - Torneo sub2300"]
[Site "Benidorm ESP"]
[Date "2013.12.04"]
[Round "7.21"]
[White "Lacrosse, Marc"]
[Black "Varga, Mariano"]
[Result "1/2-1/2"]
[WhiteElo "2189"]
[BlackElo "2113"]
[PlyCount "68"]
[EventDate "2013.11.29"]
[EventType "swiss"]
[EventRounds "10"]
[EventCountry "ESP"]
[Source "lmi"]
[SourceDate "2013.11.29"]

1. d4 Nf6 2. c4 e6 3. Nf3 b6 4. a3 Ba6 5. Qc2 Bb7 6. Nc3 c5 7. e4 cxd4 8. Nxd4
d6 9. Be2 Be7 10. Be3 O-O 11. O-O Nbd7 12. Rfd1 a6 13. Rac1 Rc8 14. Qb1 Qc7 15.
f3 Qb8 16. b4 Rfe8 17. Qa2 Bf8 18. Bf2 g6 19. a4 Qa8 20. a5 d5 21. exd5 exd5
22. axb6 Bxb4 23. Nxd5 Nxd5 24. cxd5 Bc5 25. Nc6 Bxf2+ 26. Kxf2 Nxb6 27. Bc4
Nxc4 28. Qxc4 Bxc6 29. dxc6 Qa7+ 30. Qc5 Qxc5+ 31. Rxc5 Re6 32. c7 Kf8 33. Rd8+
Re8 34. Rxc8 Rxc8 1/2-1/2

[Event "Benidorm 2013 - Torneo sub2300"]
[Site "Benidorm ESP"]
[Date "2013.12.04"]
[Round "7.23"]
[White "Tejero Royo, Fermin"]
[Black "Ballesteros Gonzalez, David"]
[Result "0-1"]
[WhiteElo "2085"]
[BlackElo "2262"]
[PlyCount "76"]
[EventDate "2013.11.29"]
[EventType "swiss"]
[EventRounds "10"]
[EventCountry "ESP"]
[Source "lmi"]
[SourceDate "2013.11.29"]

1. Nf3 Nf6 2. g3 g6 3. Bg2 Bg7 4. O-O O-O 5. d4 d6 6. c4 Nc6 7. Nc3 a6 8. h3
Rb8 9. a4 e5 10. Bg5 h6 11. Be3 exd4 12. Nxd4 Na5 13. b3 c5 14. Nf3 Be6 15. Rb1
Qd7 16. Kh2 g5 17. Bd2 Nc6 18. e4 g4 19. hxg4 Nxg4+ 20. Kg1 Nd4 21. Ne2 Nxe2+
22. Qxe2 b5 23. axb5 axb5 24. Bf4 bxc4 25. bxc4 Rb4 26. Rbc1 Rd8 27. Rfd1 Qa4
28. Rxd6 Rxd6 29. Bxd6 Rb2 30. Qd1 Qc6 31. e5 Rxf2 32. Nh4 Qd7 33. Rb1 f5 34.
Bxc5 Rd2 35. Qf1 Bxe5 36. Nxf5 Bxf5 37. Bd5+ Rxd5 38. cxd5 Bxb1 0-1

[Event "Benidorm 2013 - Torneo sub2300"]
[Site "Benidorm ESP"]
[Date "2013.12.04"]
[Round "7.28"]
[White "Garcia Gata, Jorge D"]
[Black "Cantero, Antonio"]
[Result "1/2-1/2"]
[WhiteElo "2061"]
[BlackElo "2262"]
[PlyCount "64"]
[EventDate "2013.11.29"]
[EventType "swiss"]
[EventRounds "10"]
[EventCountry "ESP"]
[Source "lmi"]
[SourceDate "2013.11.29"]

1. d4 d5 2. c4 e6 3. Nc3 Nf6 4. cxd5 exd5 5. Bg5 Be7 6. e3 c6 7. Bd3 Ne4 8.
Bxe7 Qxe7 9. Qc2 f5 10. Nxd5 Qd8 11. Nc3 Nxc3 12. bxc3 O-O 13. Nf3 Kh8 14. h4
Be6 15. Ng5 Qe7 16. Qe2 Nd7 17. Bc4 Bd5 18. Bxd5 cxd5 19. Qf3 f4 20. O-O h6 21.
exf4 hxg5 22. hxg5 Qd6 23. Rae1 Kg8 24. Qh3 Rfe8 25. g6 Nf8 26. f5 Qf4 27. Qh5
Rxe1 28. Rxe1 Rd8 29. Re7 Qc1+ 30. Kh2 Qf4+ 31. Kg1 Qc1+ 32. Kh2 Qf4+ 1/2-1/2

[Event "Benidorm 2013 - Torneo sub2300"]
[Site "Benidorm ESP"]
[Date "2013.12.04"]
[Round "7.30"]
[White "Belousov, Gennadiy"]
[Black "Cardenas Serrano, Sergio"]
[Result "1-0"]
[WhiteElo "2232"]
[BlackElo "2094"]
[PlyCount "55"]
[EventDate "2013.11.29"]
[EventType "swiss"]
[EventRounds "10"]
[EventCountry "ESP"]
[Source "lmi"]
[SourceDate "2013.11.29"]

1. d4 Nf6 2. Nf3 g6 3. c4 Bg7 4. Nc3 O-O 5. e4 d6 6. Be3 c6 7. Be2 e5 8. d5 c5
9. Nd2 Ne8 10. g4 f5 11. gxf5 gxf5 12. exf5 Bxf5 13. Nde4 Qh4 14. Bg5 Qh3 15.
Bf1 Qg4 16. Qxg4 Bxg4 17. Rg1 Bf3 18. Bh6 Bxe4 19. Nxe4 Rf7 20. Bh3 Kf8 21. Be3
h6 22. Be6 Rc7 23. Rg3 Ke7 24. O-O-O Na6 25. Bf5 Kd8 26. Rg6 Rb8 27. Rdg1 Bf6
28. Rg8 1-0

[Event "Benidorm 2013 - Torneo sub2300"]
[Site "Benidorm ESP"]
[Date "2013.12.04"]
[Round "7.31"]
[White "Buenafe Moya, Javier"]
[Black "Megias Ortiz, Vicente Manuel"]
[Result "1-0"]
[WhiteElo "2227"]
[BlackElo "2092"]
[PlyCount "41"]
[EventDate "2013.11.29"]
[EventType "swiss"]
[EventRounds "10"]
[EventCountry "ESP"]
[Source "lmi"]
[SourceDate "2013.11.29"]

1. c4 e5 2. Nc3 Nc6 3. g3 g6 4. Bg2 Bg7 5. Rb1 d6 6. b4 Nf6 7. b5 Ne7 8. d3 O-O
9. Nf3 Bd7 10. O-O c5 11. Bg5 h6 12. Bxf6 Bxf6 13. Nd2 Qc7 14. Qb3 Qb8 15. a4
Bg7 16. a5 f5 17. a6 Bc8 18. b6 axb6 19. Qxb6 Ra7 20. axb7 Bd7 21. Ra1 1-0

[Event "Benidorm 2013 - Torneo sub2300"]
[Site "Benidorm ESP"]
[Date "2013.12.04"]
[Round "7.34"]
[White "Rubio Tapia, Jose Juan"]
[Black "Romero Calduch, Sergio"]
[Result "0-1"]
[WhiteElo "2130"]
[BlackElo "2082"]
[PlyCount "26"]
[EventDate "2013.11.29"]
[EventType "swiss"]
[EventRounds "10"]
[EventCountry "ESP"]
[Source "lmi"]
[SourceDate "2013.11.29"]

1. d4 Nf6 2. c4 e6 3. Nc3 Bb4 4. e3 d5 5. a3 Bxc3+ 6. bxc3 O-O 7. Bd3 c5 8. Nf3
Qc7 9. Qc2 Nc6 10. O-O Na5 11. Ne5 b6 12. cxd5 c4 13. Bxc4 Nxc4 0-1

[Event "Benidorm 2013 - Torneo sub2300"]
[Site "Benidorm ESP"]
[Date "2013.12.04"]
[Round "7.35"]
[White "Garcia Garcia, Adrian Antonio"]
[Black "Riquelme Valero, Manuel Damian"]
[Result "1/2-1/2"]
[WhiteElo "2050"]
[BlackElo "2130"]
[PlyCount "22"]
[EventDate "2013.11.29"]
[EventType "swiss"]
[EventRounds "10"]
[EventCountry "ESP"]
[Source "lmi"]
[SourceDate "2013.11.29"]

1. e4 c5 2. Nc3 e6 3. f4 d5 4. exd5 exd5 5. Nf3 Nf6 6. Bb5+ Bd7 7. Bxd7+ Nbxd7
8. O-O d4 9. Qe2+ Be7 10. Ne4 O-O 11. d3 Re8 1/2-1/2

[Event "Benidorm 2013 - Torneo sub2300"]
[Site "Benidorm ESP"]
[Date "2013.12.04"]
[Round "7.36"]
[White "Martin Martin, Luis Vicente"]
[Black "Capote Robayna, Nathaniel"]
[Result "1-0"]
[WhiteElo "2031"]
[BlackElo "2128"]
[PlyCount "89"]
[EventDate "2013.11.29"]
[EventType "swiss"]
[EventRounds "10"]
[EventCountry "ESP"]
[Source "lmi"]
[SourceDate "2013.11.29"]

1. d4 Nf6 2. Bf4 d5 3. e3 c5 4. c3 Qb6 5. Qb3 c4 6. Qc2 g6 7. Nd2 Bf5 8. Qc1
Bg7 9. h3 h5 10. Ngf3 Nc6 11. Be2 O-O 12. Ne5 Nd7 13. Nxd7 Bxd7 14. e4 dxe4 15.
Nxc4 Qd8 16. Bh6 Rc8 17. Bxg7 Kxg7 18. Qg5 Be6 19. Ne5 Qa5 20. O-O Rfd8 21. f4
exf3 22. Nxf3 Qb6 23. Qd2 f6 24. Kh1 Bf7 25. Bd3 Qa5 26. Qf2 Rd6 27. Qg3 Rcd8
28. a3 e6 29. b4 Qc7 30. Nh4 Ne7 31. Rxf6 Nf5 32. Nxf5+ exf5 33. Rxd6 Qxd6 34.
Qxd6 Rxd6 35. Kg1 Kf6 36. Kf2 Kg5 37. Be2 Bd5 38. c4 Be4 39. d5 h4 40. Rd1 Kf4
41. Bf3 g5 42. c5 Rd7 43. d6 g4 44. hxg4 fxg4 45. Rd4 1-0

[Event "Benidorm 2013 - Torneo sub2300"]
[Site "Benidorm ESP"]
[Date "2013.12.04"]
[Round "7.38"]
[White "Mammadov, Farid Yediyar"]
[Black "Jimenez Almeida, Luis David"]
[Result "1-0"]
[WhiteElo "2118"]
[BlackElo "1985"]
[PlyCount "85"]
[EventDate "2013.11.29"]
[EventType "swiss"]
[EventRounds "10"]
[EventCountry "ESP"]
[Source "lmi"]
[SourceDate "2013.11.29"]

1. e4 e6 2. d3 d5 3. Nd2 Nf6 4. g3 c5 5. Bg2 Nc6 6. Ngf3 Be7 7. O-O O-O 8. e5
Nd7 9. Re1 Qc7 10. Qe2 b5 11. Nf1 b4 12. h4 a5 13. Bf4 a4 14. Ne3 Nb6 15. Ng4
Qd8 16. Qd2 h5 17. Ngh2 a3 18. b3 f5 19. exf6 Bxf6 20. Ne5 Nxe5 21. Bxe5 Nd7
22. f4 Nxe5 23. fxe5 Be7 24. Rf1 Rf5 25. Rae1 Ra6 26. Qe2 g6 27. Bh3 Rf8 28.
Qd2 Bd7 29. Qh6 Be8 30. Nf3 Rf7 31. Qxg6+ Rg7 32. Qh6 Rxg3+ 33. Kh2 Bf8 34.
Bxe6+ Rxe6 35. Qxe6+ Bf7 36. Qf5 Bg6 37. Qe6+ Bf7 38. Qf6 Be7 39. Qf4 Rg4 40.
Rg1 Be6 41. Rxg4+ Bxg4 42. Ng5 Qe8 43. e6 1-0

[Event "Benidorm 2013 - Torneo sub2300"]
[Site "Benidorm ESP"]
[Date "2013.12.04"]
[Round "7.60"]
[White "Machlik, Monika"]
[Black "ZZ Sanchiz Marti, Josep Miquel"]
[Result "1-0"]
[WhiteElo "1936"]
[BlackElo "2049"]
[PlyCount "71"]
[EventDate "2013.11.29"]
[EventType "swiss"]
[EventRounds "10"]
[EventCountry "ESP"]
[Source "lmi"]
[SourceDate "2013.11.29"]

1. d4 Nf6 2. c4 g6 3. Nc3 Bg7 4. e4 d6 5. f4 O-O 6. Nf3 c5 7. d5 e6 8. Be2 exd5
9. cxd5 Bg4 10. O-O Bxf3 11. Bxf3 Nbd7 12. Re1 Ne8 13. a4 b6 14. Be3 a6 15. Bf2
Ra7 16. Bg3 Qb8 17. Qe2 Bd4+ 18. Bf2 Bxf2+ 19. Qxf2 Ng7 20. Re2 Re8 21. g4 Qd8
22. Rae1 Qf6 23. Qg3 Qd4+ 24. Kh1 c4 25. e5 dxe5 26. fxe5 Nc5 27. e6 fxe6 28.
dxe6 Nd3 29. Rf1 Qf4 30. Qg2 Qd4 31. Qg3 Qf4 32. Qg2 Qd4 33. Bd5 Nf4 34. e7+
Kh8 35. Re4 Qxd5 36. Nxd5 1-0

[Event "Benidorm 2013 - Torneo sub2300"]
[Site "Benidorm ESP"]
[Date "2013.12.04"]
[Round "7.68"]
[White "Fichtinger, Leopold"]
[Black "Clanchet Olle, Josep"]
[Result "0-1"]
[WhiteElo "1994"]
[BlackElo "1787"]
[PlyCount "56"]
[EventDate "2013.11.29"]
[EventType "swiss"]
[EventRounds "10"]
[EventCountry "ESP"]
[Source "lmi"]
[SourceDate "2013.11.29"]

1. e4 e5 2. Nf3 Nc6 3. Bb5 Nf6 4. O-O d6 5. d4 exd4 6. Nxd4 Bd7 7. Re1 Be7 8.
Nc3 Ne5 9. f4 Neg4 10. h3 Bxb5 11. hxg4 Bd7 12. g5 Bg4 13. gxf6 Bxd1 14. fxe7
Qxe7 15. Nd5 Qh4 16. Rxd1 O-O-O 17. Nf3 Qg3 18. Be3 h5 19. Nh2 Rde8 20. Bf2 Qg6
21. f5 Qg5 22. Bd4 h4 23. c4 h3 24. g4 Rh4 25. Ne3 a5 26. Nd5 Rxg4+ 27. Kh1 Rg2
28. Rg1 Qg3 0-1